| 000 | 01229nam a22003254a 4500 | ||
|---|---|---|---|
| 001 | ebr10064325 | ||
| 003 | CaPaEBR | ||
| 006 | m u | ||
| 007 | cr cn||||||||| | ||
| 008 | 001103s2001 enka sb 001 0 eng | ||
| 010 | _z 00065074 | ||
| 020 | _z0521643686 | ||
| 020 | _z052164383X (pb.) | ||
| 040 |
_aCaPaEBR _cCaPaEBR |
||
| 035 | _a(OCoLC)56211781 | ||
| 050 | 1 | 4 |
_aQA935 _b.H227 2001eb |
| 082 | 0 | 4 |
_a531/.1133 _221 |
| 100 | 1 | _aHarris, John G. | |
| 245 | 1 | 0 |
_aLinear elastic waves _h[electronic resource] / _cJohn G. Harris. |
| 260 |
_aCambridge ; _aNew York : _bCambridge University Press, _c2001. |
||
| 300 |
_axv, 162 p. : _bill. |
||
| 490 | 1 | _aCambridge texts in applied mathematics | |
| 504 | _aIncludes bibliographical references and index. | ||
| 533 |
_aElectronic reproduction. _bPalo Alto, Calif. : _cebrary, _d2013. _nAvailable via World Wide Web. _nAccess may be limited to ebrary affiliated libraries. |
||
| 650 | 0 | _aElastic waves. | |
| 655 | 7 |
_aElectronic books. _2local |
|
| 710 | 2 | _aebrary, Inc. | |
| 830 | 0 | _aCambridge texts in applied mathematics. | |
| 856 | 4 | 0 |
_uhttp://site.ebrary.com/lib/rucke/Doc?id=10064325 _zAn electronic book accessible through the World Wide Web; click to view |
| 999 |
_c48532 _d48532 |
||